Forma : 1926-1928 /
Primera revista mexicana mensual de artes plásticas editada durante 1926 y 1928 y en la cual colaboraron Alberto Robles Gil, Rufino Tamayo, Diego Rivera, Edward Weston, José Clemente Orozco, Anita Brenner, entre otros intelectuales y artístas de la época de principios del siglo XX y pertenecientes l...
保存先:
| その他の著者: | , |
|---|---|
| フォーマット: | 図書 |
| 言語: | スペイン語 |
| 出版事項: |
México :
Fondo de Cultura Económica,
1982, c1982
|
| シリーズ: | (Revistas Literarias Mexicanas Modernas)
|
| 主題: | |
| タグ: |
タグなし, このレコードへの初めてのタグを付けませんか!
|
MARC
| LEADER | 00000nam^a2200000^a^4500 | ||
|---|---|---|---|
| 001 | 000154605 | ||
| 005 | 20251125000000.0 | ||
| 009 | 20260310100401.337 | ||
| 020 | |a 968-16-1034-2 | ||
| 037 | |a Acervo ITESO - Biblioteca | ||
| 041 | |a ESP | ||
| 082 | |a 805. |b REV FOR 1926-1928 V. 1-7 | ||
| 240 | 1 | 1 | |a [Revistas Literarias Mexicanas Modernas] |
| 240 | 1 | 1 | |a [Forma] |
| 245 | 1 | 0 | |a Forma : |b 1926-1928 / |c Dir. de G. Fernández Ledesma ; censor de S. Novo ; presen de Porfirio Martínez Peñaloza. |
| 264 | 4 | |a México : |b Fondo de Cultura Económica, |c 1982, c1982 | |
| 300 | |a 377 p. | ||
| 336 | |a texto |b txt |2 rdacontenido | ||
| 337 | |a sin mediación |b n |2 rdamedio | ||
| 338 | |a volumen |b nc |2 rdasoporte | ||
| 440 | 1 | |a (Revistas Literarias Mexicanas Modernas) | |
| 520 | |a Primera revista mexicana mensual de artes plásticas editada durante 1926 y 1928 y en la cual colaboraron Alberto Robles Gil, Rufino Tamayo, Diego Rivera, Edward Weston, José Clemente Orozco, Anita Brenner, entre otros intelectuales y artístas de la época de principios del siglo XX y pertenecientes la mayoría de ellos, al movimiento del nacionalismo mexicano. | ||
| 534 | |a Reproducción facsimilar de la edición original | ||
| 649 | |a XX | ||
| 650 | |a Literatura - |x Publicaciones Periódicas Mexicanas | ||
| 650 | |a Arte - |x Publicaciones Periódicas Mexicanas | ||
| 650 | |a Cultura - |x Publicaciones Periódicas Mexicanas | ||
| 650 | |a Grabado - |z México - |x Historia y Crítica | ||
| 650 | |a Escultura Mexicana - |x Historia y Crítica | ||
| 650 | |a Pintura Mexicana - |x Historia y Crítica | ||
| 650 | |a Arte Prehispánico - |z México | ||
| 650 | |a Arte Moderno - |x Historia y Crítica | ||
| 650 | |a Arte Mexicano - |x Historia y Crítica | ||
| 650 | |a Fotografía y Sociedad - |z México | ||
| 650 | |a Arte Popular - |z México - |x Historia y Crítica | ||
| 650 | |a Arte Religioso - |z México - |x Historia y Crítica | ||
| 650 | |a Arquitectura Virreinal | ||
| 650 | |a Arquitectura Mexicana | ||
| 650 | |a Estética | ||
| 650 | |a Arte y Sociedad | ||
| 650 | |a Nacionalismo | ||
| 650 | |a Poesía Mexicana | ||
| 650 | |a Novela de la Revolución - |x Historia y Crítica | ||
| 650 | |a Literatura Mexicana - |x Historia y Crítica | ||
| 650 | |a Literatura Mexicana - |y Siglo XX | ||
| 650 | |a Identidad Cultural | ||
| 650 | |a Identidad Nacional | ||
| 650 | |a Guerra Mundial (Primera), 1914-1918 - |x Historia | ||
| 650 | |a México - |x Condiciones Sociales y Culturales | ||
| 650 | |a México - |x Condiciones Políticas | ||
| 650 | |a Novo, Salvador | ||
| 650 | |a Villaurrutia, Xavier | ||
| 700 | |a Fernández Ledesma, Gabriel |e (dirección) | ||
| 700 | |a Novo, Salvador |e (estudio) | ||
| 910 | |a Fondo General | ||
| 920 | |a Impresos - Libros | ||
| 930 | |a Colección General | ||
| 940 | |a Literatura | ||
| 905 | |a 101 | ||
| 901 | |a 0500086509 |b IT1 |c LIT |u 20250521 | ||
| 901 | |a 0500086506 |b IT1 |c LIT |u 20250521 | ||
| 902 | |a https://opac.biblio.iteso.mx/vufind/Record/000154605 | ||